Rogue States; (Record no. 68695)

MARC details
000 -LEADER
fixed length control field 00768nam a22002057a 4500
005 - DATE AND TIME OF LATEST TRANSACTION
control field 20120726104839.0
010 ## - LCCN (DPL NO)
LC control number G-002071
020 ## - INTERNATIONAL STANDARD BOOK NUMBER
International Standard Book Number 8190109863
Terms of availability 295.00
035 ## - SYSTEM CONTROL NUMBER
System control number G-002071
037 ## - SOURCE OF ACQUISITION
Stock number dpl
Source of stock number/acquisition Gift
082 ## - DEWEY DECIMAL CLASSIFICATION NUMBER
Classification number 341.62
100 ## - MAIN ENTRY--PERSONAL NAME
Personal name Chomsky, Noam.
245 ## - TITLE STATEMENT
Title Rogue States;
Remainder of title The Rule of force in world affairs
Statement of responsibility, etc by Noam Chomsky
260 ## - PUBLICATION, DISTRIBUTION, ETC. (IMPRINT)
Place of publication, distribution, etc New Delhi
Name of publisher, distributor, etc India Research Press
Date of publication, distribution, etc 2000
270 ## - ADDRESS
Address B4/22, Safdarjung Enclave
City New Delhi
Postal code 110029
300 ## - PHYSICAL DESCRIPTION
Extent 252 p.
Other physical details notes, index..
Dimensions 20 cm
942 ## - ADDED ENTRY ELEMENTS (KOHA)
Source of classification or shelving scheme Dewey Decimal Classification
Item type English Books
Call number suffix CHO
Classification part 341.62
Holdings
Withdrawn status Lost status Not for loan Collection code Home library Current library Date acquired Source of acquisition Cost, normal purchase price Full call number Barcode Copy number Cost, replacement price Koha item type
      Non-fiction Vinoba Puri Vinoba Puri 26/07/2012 Gift 295.00 341.62 CHO G-002071 1 295.00 English Books

© Delhi Public Library
Hit Counter
free hit counter